000 00497nam a2200181Ia 4500
008 240729s9999 xx 000 0 und d
022 _a2092-6413
245 0 _aExperimental and Molecular Medicine
260 _aUnited Kingdom
260 _bNature Publishing Group
650 _a Biochemistry
650 _a Chemistry
650 _a Organic chemistry
650 _aMedicine | Science
856 _uhttps://doaj.org/toc/e769837084ec45fd977d3dffb679d890
942 _2ddc
942 _cDOAJEJ
999 _c74505
_d74505
945 _a1
_bMadushi Gamage
_c1
_dMadushi Gamage